[Event "Quebec-ch 1/2 final"]
[Site "Montreal CAN"]
[Date "2006.06.18"]
[Round "5"]
[White "Poirier, Erik"]
[Black "Sullivan, Neil"]
[Result "1-0"]
[WhiteElo "2092"]
[BlackElo "2135"]
[PlyCount "105"]
[EventDate "2006.06.16"]
[EventType "swiss"]
[EventRounds "5"]
[EventCountry "CAN"]

1. d4 d5 2. c4 e6 3. Nc3 Nf6 4. cxd5 exd5 5. Bg5 Be7 6. e3 Nbd7 7. Bd3 h6 8.
Bh4 O-O 9. Nge2 b6 10. O-O Bb7 11. Rc1 c5 12. dxc5 bxc5 13. Bg3 Rc8 14. Bf5 Rc6
15. Nxd5 Nxd5 16. Qxd5 Nf6 17. Qxd8 Rxd8 18. Rfd1 Rxd1+ 19. Rxd1 g6 20. Bc2 Rb6
21. b3 c4 22. Nc3 cxb3 23. Bxb3 Bc6 24. h3 Nd7 25. Bd6 Kf8 26. Bxe7+ Kxe7 27.
Nd5+ Bxd5 28. Rxd5 Rc6 29. Ba4 Rc1+ 30. Rd1 Rxd1+ 31. Bxd1 f5 32. Kf1 Kd6 33.
Ke2 Nc5 34. Bc2 Kd5 35. g4 fxg4 36. Bxg6 gxh3 37. Kf3 Ke5 38. Kg3 Na4 39. Kxh3
Nc3 40. Bf7 Ke4 41. Kg3 a5 42. Bg6+ Ke5 43. a3 a4 44. f4+ Kf6 45. Bc2 Nb5 46.
Bd3 Nc3 47. e4 Nd1 48. Bc2 Nc3 49. Kg4 Ke6 50. Bd3 Nd1 51. Kh5 Nf2 52. Bc2 Kf6
53. Kh4 1-0

[Event "Quebec-ch U10"]
[Site "Montreal CAN"]
[Date "2006.03.04"]
[Round "2"]
[White "Nunez-Painchaud, Raphael"]
[Black "Levkovsky, Emil"]
[Result "1-0"]
[WhiteElo "1244"]
[BlackElo "810"]
[PlyCount "139"]
[EventDate "2006.03.03"]
[EventType "swiss"]
[EventRounds "5"]
[EventCountry "CAN"]

1. c4 e5 2. Nc3 Nf6 3. g3 d5 4. cxd5 Nxd5 5. Bg2 Nf6 6. Nf3 Bc5 7. Nxe5 O-O 8.
O-O Re8 9. Nf3 Ng4 10. d4 Bb6 11. Bg5 f6 12. Bf4 Nc6 13. h3 Nh6 14. Bxh6 gxh6
15. d5 Ne7 16. Qb3 Nf5 17. d6+ Be6 18. dxc7 Qxc7 19. Qc2 Rad8 20. Kh2 Nd4 21.
Nxd4 Rxd4 22. e3 Rh4 23. Rad1 Rh5 24. Qe2 Rc5 25. Qf3 Rf5 26. Qxb7 Qxb7 27.
Bxb7 Bc4 28. Be4 Rxe4 29. Nxe4 Bxf1 30. Rxf1 Bd8 31. g4 Re5 32. Rd1 Bc7 33.
Nxf6+ Kh8 34. Kg2 Kg7 35. Rd7+ Kxf6 36. Rxc7 Ra5 37. Rxh7 Kg6 38. Rc7 Rxa2 39.
e4 a6 40. Kg3 Rxb2 41. Rc6+ Kg7 42. Rxa6 Rb3+ 43. f3 Kh7 44. e5 Kg7 45. e6 Re3
46. Ra7+ Kg6 47. Ra6 Kf6 48. h4 Rxe6 49. Rxe6+ Kxe6 50. g5 hxg5 51. hxg5 Kf7
52. Kg4 Kg6 53. f4 Kg7 54. f5 Kg8 55. f6 Kf7 56. Kh5 Kg8 57. Kg6 Kf8 58. f7 Ke7
59. Kg7 Kd6 60. f8=Q+ Kd5 61. Qf6 Ke4 62. g6 Kd5 63. Qe7 Kc6 64. Qd8 Kc5 65.
Qd7 Kb6 66. Kf7 Ka5 67. Qb7 Ka4 68. g7 Ka3 69. g8=Q Ka2 70. Qga8# 1-0

[Event "Quebec-ch U10"]
[Site "Montreal CAN"]
[Date "2006.03.04"]
[Round "3"]
[White "Adamowicz, Marek"]
[Black "Levkovsky, Emil"]
[Result "1-0"]
[WhiteElo "844"]
[BlackElo "810"]
[PlyCount "97"]
[EventDate "2006.03.03"]
[EventType "swiss"]
[EventRounds "5"]
[EventCountry "CAN"]

1. c4 e5 2. Nc3 Nf6 3. e4 Nc6 4. Nf3 Bc5 5. b3 O-O 6. d3 h6 7. Nd5 Ne7 8. Nxf6+
gxf6 9. Bxh6 Ng6 10. Bxf8 Qxf8 11. g3 d6 12. Nh4 Qh6 13. Qd2 Qxd2+ 14. Kxd2
Bxf2 15. Nxg6 fxg6 16. g4 Bd7 17. Be2 Kf7 18. Rhf1 Bb6 19. g5 Rh8 20. Rxf6+ Kg7
21. h4 Ba5+ 22. Ke3 Rf8 23. Rxf8 Kxf8 24. Rf1+ Kg7 25. h5 c6 26. Rf6 Be8 27.
h6+ Kh7 28. Re6 Bd7 29. Re7+ Kh8 30. Rxd7 Bb4 31. a3 Ba5 32. Rxd6 Kh7 33. b4
Bc7 34. Rd7+ Kh8 35. Rxc7 b6 36. Rg7 a5 37. Rxg6 axb4 38. axb4 Kh7 39. Bg4 Kxg6
40. Bf5+ Kf7 41. g6+ Kg8 42. g7 c5 43. bxc5 bxc5 44. Ke2 Kf7 45. Kf3 Kg8 46.
Kg4 Kf7 47. Kg5 Kg8 48. Be6+ Kh7 49. g8=Q# 1-0

[Event "Quebec-ch U10"]
[Site "Montreal CAN"]
[Date "2006.??.??"]
[Round "4"]
[White "Levkovsky, Emil"]
[Black "Gallant, Samuel"]
[Result "1-0"]
[WhiteElo "778"]
[BlackElo "444"]
[PlyCount "51"]
[EventDate "2006.03.03"]
[EventType "swiss"]
[EventRounds "5"]
[EventCountry "CAN"]

1. e4 e5 2. Nf3 Nc6 3. Bb5 Nf6 4. Nc3 a6 5. Bxc6 dxc6 6. O-O Bc5 7. Nxe5 O-O 8.
d3 Qd6 9. Bf4 Bg4 10. Qd2 Nh5 11. h3 Be6 12. d4 Bxd4 13. Nd3 Nxf4 14. Nxf4 Bc4
15. Rfe1 Qc5 16. Rad1 Be5 17. Nd3 Qd6 18. Nxe5 Qxe5 19. Qd4 Qe6 20. b3 Qe7 21.
Qxc4 b5 22. Qxc6 f5 23. Rd7 Qh4 24. Qd5+ Kh8 25. Qe5 fxe4 26. Qxg7# 1-0

[Event "Quebec-ch U12"]
[Site "Montreal CAN"]
[Date "2006.03.03"]
[Round "1"]
[White "Cote-Lalumiere, Tristan"]
[Black "Rozybakiyev, Ilchin"]
[Result "0-1"]
[WhiteElo "1096"]
[BlackElo "1500"]
[PlyCount "90"]
[EventDate "2006.03.03"]
[EventType "swiss"]
[EventRounds "5"]
[EventCountry "CAN"]

1. e4 c5 2. Nf3 Nc6 3. d4 cxd4 4. Nxd4 e5 5. Nb3 d6 6. Nc3 Nf6 7. Bc4 Be7 8. h3
O-O 9. Be3 Be6 10. Bxe6 fxe6 11. a3 d5 12. exd5 exd5 13. Bc5 Bxc5 14. Nxc5 Qe7
15. Nd3 d4 16. Ne2 e4 17. Ndc1 Rad8 18. O-O Qd6 19. Nb3 d3 20. Nc3 Rfe8 21. Qd2
Nd4 22. Nxd4 Qxd4 23. Rad1 Qc5 24. Rfe1 a5 25. Rc1 Qb6 26. Na4 Qb5 27. b3 Rc8
28. Kh1 dxc2 29. Rxc2 Qxb3 30. Nc5 Qxa3 31. Nxb7 a4 32. Ra2 Qe7 33. Nd6 Rcd8
34. Nxe8 Rxd2 35. Nxf6+ gxf6 36. Rxd2 f5 37. Red1 Qe5 38. Rd8+ Kf7 39. R1d6 Qa5
40. R8d7+ Ke8 41. Rxh7 Qe1+ 42. Kh2 Qxf2 43. Ra6 Qf4+ 44. Kh1 Qf1+ 45. Kh2 Qxa6
0-1

[Event "Quebec-ch U12"]
[Site "Montreal CAN"]
[Date "2006.03.03"]
[Round "1"]
[White "Nantel, Felix"]
[Black "Gallant, Pascal"]
[Result "1-0"]
[WhiteElo "1294"]
[BlackElo "804"]
[PlyCount "32"]
[EventDate "2006.03.03"]
[EventType "swiss"]
[EventRounds "5"]
[EventCountry "CAN"]

1. e4 e5 2. Nf3 Nf6 3. Nxe5 d6 4. Nf3 Nxe4 5. Qe2 d5 6. d3 Bf5 7. dxe4 dxe4 8.
Nc3 Qe7 9. Nd4 g6 10. g3 Bg7 11. Be3 Nc6 12. O-O-O O-O-O 13. Nxc6 bxc6 14. Qa6+
Kb8 15. Bxa7+ Ka8 16. Bc5+ Kb8 1-0

[Event "Quebec-ch U12"]
[Site "Montreal CAN"]
[Date "2006.03.03"]
[Round "1"]
[White "Pratt, Joey"]
[Black "Roy, Myriam"]
[Result "0-1"]
[WhiteElo "803"]
[BlackElo "1613"]
[PlyCount "62"]
[EventDate "2006.03.03"]
[EventType "swiss"]
[EventRounds "5"]
[EventCountry "CAN"]

1. e4 c5 2. d4 cxd4 3. Qxd4 Nc6 4. Qd2 d6 5. Bb5 Bd7 6. Bxc6 Bxc6 7. Nc3 Nf6 8.
Qe2 g6 9. Bg5 Bg7 10. Bxf6 Bxf6 11. Rd1 Qb6 12. Na4 Bxa4 13. b3 Bc3+ 14. Kf1
Bb5 15. Rd3 Bxd3 16. Qxd3 Rc8 17. Nf3 a6 18. g4 O-O 19. Ng5 Qd4 20. Qf3 Qd2 21.
Qe2 Qxg5 22. f3 Qc1+ 23. Kf2 Qxh1 24. Qf1 Bd4+ 25. Ke1 Bf2+ 26. Ke2 Rxc2+ 27.
Kd1 Qxf1+ 28. Kxc2 Rc8+ 29. Kd2 Qc1+ 30. Ke2 Qe3+ 31. Kd1 Rc1# 0-1

[Event "Quebec-ch U12"]
[Site "Montreal CAN"]
[Date "2006.03.04"]
[Round "2"]
[White "Roy, Myriam"]
[Black "Rozybakiyev, Ilchin"]
[Result "1/2-1/2"]
[WhiteElo "1685"]
[BlackElo "1556"]
[PlyCount "81"]
[EventDate "2006.03.03"]
[EventType "swiss"]
[EventRounds "5"]
[EventCountry "CAN"]

1. e4 c5 2. Nf3 Nc6 3. d4 cxd4 4. Nxd4 e5 5. Nb5 d6 6. N1c3 a6 7. Na3 b5 8. Nd5
Nce7 9. c4 Nxd5 10. cxd5 f5 11. exf5 Bxf5 12. Bd3 e4 13. Be2 Nf6 14. Bf4 Rc8
15. Rc1 Be7 16. O-O O-O 17. Nc2 Qa5 18. a3 Rfd8 19. Nb4 Rxc1 20. Qxc1 Rc8 21.
Qd2 Bf8 22. Rc1 Rxc1+ 23. Qxc1 Bd7 24. h3 Qb6 25. Qd2 a5 26. Nc6 a4 27. Nb4 Qb7
28. Qd4 Be8 29. g4 Qe7 30. Nc6 Qf7 31. Bxb5 Nxd5 32. Bg3 Nf4 33. Nd8 Bxb5 34.
Bxf4 Qc4 35. Qxc4+ Bxc4 36. Nb7 d5 37. Nd6 Bb3 38. Kf1 g6 39. Be5 Be7 40. Ke2
Bd8 41. f3 1/2-1/2

[Event "Quebec-ch U12"]
[Site "Montreal CAN"]
[Date "2006.03.05"]
[Round "4"]
[White "Roy, Myriam"]
[Black "Cote-Lalumiere, Tristan"]
[Result "1-0"]
[WhiteElo "1685"]
[BlackElo "1098"]
[PlyCount "57"]
[EventDate "2006.03.03"]
[EventType "swiss"]
[EventRounds "5"]
[EventCountry "CAN"]

1. e4 e6 2. d4 c5 3. Nf3 Nc6 4. Nc3 Qb6 5. d5 Nd4 6. Bc4 Qb4 7. Nxd4 cxd4 8.
Qxd4 b5 9. dxe6 Qxc4 10. exf7+ Kxf7 11. Qe3 Bb4 12. Bd2 Bb7 13. Rd1 Bxc3 14.
Bxc3 Qxe4 15. Rxd7+ Kg6 16. Rxg7+ Kh5 17. Rxb7 Qxb7 18. Bxh8 Qxg2 19. Qe5+ Kh6
20. Rf1 Qc6 21. Qg7+ Kh5 22. Rg1 Re8+ 23. Kd1 Qf3+ 24. Kc1 Qf4+ 25. Kb1 a5 26.
Qxh7+ Nh6 27. Qg6+ Kh4 28. Bf6+ Kh3 29. Qg2# 1-0

[Event "Quebec-ch U18"]
[Site "Montreal CAN"]
[Date "2006.03.03"]
[Round "1"]
[White "Goulet, Steve"]
[Black "Jorge, Ivan"]
[Result "0-1"]
[WhiteElo "1606"]
[BlackElo "1188"]
[PlyCount "78"]
[EventDate "2006.03.03"]
[EventType "swiss"]
[EventRounds "5"]
[EventCountry "CAN"]

1. e4 e5 2. Nf3 d6 3. d4 exd4 4. Nxd4 Bd7 5. Bc4 Nc6 6. O-O Qe7 7. Nc3 Nf6 8.
Nd5 Qd8 9. Re1 Be7 10. Bf4 O-O 11. c3 Nxd4 12. cxd4 Be6 13. Nxe7+ Qxe7 14. Bxe6
fxe6 15. Bg5 h6 16. Bh4 Qf7 17. Rc1 Rac8 18. Qe2 Qh5 19. Bxf6 Qxe2 20. Rxe2
Rxf6 21. f3 Rff8 22. Rec2 c6 23. Kf2 d5 24. exd5 exd5 25. Re1 Rce8 26. Rce2 Kf7
27. Rxe8 Rxe8 28. Rxe8 Kxe8 29. Ke3 Ke7 30. a4 a5 31. g4 b6 32. h4 Kf6 33. f4
g6 34. Kd3 h5 35. gxh5 gxh5 36. Ke3 Kf5 37. b3 Kg4 38. f5 Kxf5 39. Kf3 c5 0-1

[Event "Quebec-ch U18"]
[Site "Montreal CAN"]
[Date "2006.03.03"]
[Round "1"]
[White "Horhogea, Vlad"]
[Black "Rodriguez, Aaron"]
[Result "1-0"]
[WhiteElo "1248"]
[BlackElo "1984"]
[PlyCount "111"]
[EventDate "2006.03.03"]
[EventType "swiss"]
[EventRounds "5"]
[EventCountry "CAN"]

1. c4 g6 2. Nc3 Bg7 3. g3 Nf6 4. Bg2 d6 5. e3 e5 6. Nge2 O-O 7. O-O Nc6 8. h3
Ne7 9. d4 c6 10. dxe5 dxe5 11. Qxd8 Rxd8 12. b3 Be6 13. Ba3 Nf5 14. Rad1 h5 15.
Kh1 g5 16. Ng1 a5 17. Nf3 g4 18. hxg4 Nxg4 19. Rxd8+ Rxd8 20. Ne4 a4 21. Nfg5
axb3 22. Nxe6 fxe6 23. axb3 Rd3 24. Nc5 Rd2 25. Kg1 Bf8 26. Bc1 Rxf2 27. Rxf2
Nxf2 28. Nxb7 Nd3 29. Bd2 Nxg3 30. Bxc6 Be7 31. Bb5 Ne4 32. Ba5 Ndc5 33. Nxc5
Bxc5 34. Kg2 Bxe3 35. Kf3 Bd2 36. Kxe4 Bxa5 37. Kxe5 h4 38. Kxe6 h3 39. Bc6 Bb4
40. Kd7 Kf7 41. Bd5+ Kf6 42. Kc6 Ke5 43. Kb5 Bd2 44. b4 Kd6 45. Bh1 h2 46. c5+
Kc7 47. Kc4 Be1 48. b5 Ba5 49. Kb3 Bd2 50. b6+ Kb8 51. Kc4 Be3 52. Kb5 Kc8 53.
c6 Bd4 54. Ka6 Be5 55. Ka7 Bd4 56. c7 1-0

[Event "Quebec-ch U18"]
[Site "Montreal CAN"]
[Date "2006.03.03"]
[Round "1"]
[White "Milosz, Robin"]
[Black "Minville, Gael"]
[Result "0-1"]
[WhiteElo "955"]
[BlackElo "1564"]
[PlyCount "66"]
[EventDate "2006.03.03"]
[EventType "swiss"]
[EventRounds "5"]
[EventCountry "CAN"]

1. d4 Nf6 2. e3 c5 3. Nf3 d5 4. Bb5+ Nc6 5. dxc5 e6 6. c4 Bxc5 7. cxd5 exd5 8.
O-O O-O 9. Nc3 Bg4 10. h3 Bh5 11. g4 Bg6 12. Nh4 Ne4 13. Nxg6 Nxc3 14. bxc3
fxg6 15. Bxc6 bxc6 16. f4 Qb6 17. Rf3 Rae8 18. Qe2 Re4 19. Kh1 Rfe8 20. Qf2
Bxe3 21. Bxe3 Rxe3 22. Rxe3 Qxe3 23. Qxe3 Rxe3 24. Kg2 Rxc3 25. a4 Kf7 26. f5
gxf5 27. gxf5 Kf6 28. Rf1 c5 29. Rf4 Ra3 30. Kf2 d4 31. Ke2 Rxh3 32. Kd2 a5 33.
Kc2 h5 0-1

[Event "Quebec-ch U18"]
[Site "Montreal CAN"]
[Date "2006.03.03"]
[Round "1"]
[White "Minville, Gael"]
[Black "Ye, Ling Feng"]
[Result "1/2-1/2"]
[WhiteElo "1564"]
[BlackElo "2021"]
[PlyCount "41"]
[EventDate "2006.03.03"]
[EventType "swiss"]
[EventRounds "5"]
[EventCountry "CAN"]

1. c4 Nf6 2. Nc3 g6 3. g3 Bg7 4. Bg2 O-O 5. Nf3 c5 6. O-O Nc6 7. d3 d6 8. Rb1
Bf5 9. Bd2 Nd7 10. a3 Qc8 11. Nd5 Nb6 12. b4 cxb4 13. Nxb6 axb6 14. axb4 Qc7
15. Qb3 Ra7 16. Bc3 Bxc3 17. Qxc3 Rfa8 18. b5 Ra3 19. Rb3 Rxb3 20. Qxb3 Na5 21.
Qb2 1/2-1/2

[Event "Quebec-ch U18"]
[Site "Montreal CAN"]
[Date "2006.03.04"]
[Round "2"]
[White "Horhogea, Vlad"]
[Black "Ye, Ling Feng"]
[Result "0-1"]
[WhiteElo "1248"]
[BlackElo "2021"]
[PlyCount "74"]
[EventDate "2006.03.03"]
[EventType "swiss"]
[EventRounds "5"]
[EventCountry "CAN"]

1. c4 Nf6 2. Nc3 g6 3. g3 Bg7 4. Bg2 O-O 5. e3 e5 6. Nge2 d6 7. d4 Nbd7 8. O-O
exd4 9. exd4 Re8 10. Re1 Nf8 11. Nf4 Bg4 12. Rxe8 Qxe8 13. Qd2 c6 14. b3 Bh6
15. h3 Bf5 16. Qe2 Qd8 17. Nd3 Bxc1 18. Rxc1 Qb6 19. d5 Re8 20. Qf3 cxd5 21.
Nxd5 Nxd5 22. Qxd5 Re2 23. Nf4 Qxf2+ 24. Kh2 Be4 25. Nxe2 Bxd5 26. cxd5 Qxe2
27. Rc7 Qxa2 28. Rxb7 Kg7 29. Rb8 Nd7 30. Rd8 Ne5 31. h4 Nd3 32. Kh3 Qxb3 33.
Rxd6 Nf4+ 34. Kh2 Ne2 35. Rd8 Qxg3+ 36. Kh1 Qxh4+ 37. Bh3 Qxh3# 0-1

[Event "Quebec-ch U18"]
[Site "Montreal CAN"]
[Date "2006.03.04"]
[Round "2"]
[White "Jorge, Ivan"]
[Black "Horhogea, Vlad"]
[Result "1-0"]
[WhiteElo "1188"]
[BlackElo "1248"]
[PlyCount "125"]
[EventDate "2006.03.03"]
[EventType "swiss"]
[EventRounds "5"]
[EventCountry "CAN"]

1. d4 d5 2. Nc3 Nf6 3. Bf4 Nc6 4. Nb5 e5 5. dxe5 Ng4 6. e6 Nge5 7. exf7+ Kxf7
8. Bxe5 Nxe5 9. e3 c6 10. Nd4 c5 11. Ndf3 Bg4 12. Nxe5+ Ke6 13. Nxg4 h5 14. h3
hxg4 15. Qxg4+ Kf7 16. O-O-O Qf6 17. Qf3 Rd8 18. Qxf6+ Kxf6 19. c4 d4 20. exd4
cxd4 21. Bd3 Re8 22. b3 Rd8 23. Nf3 Kf7 24. Rhe1 b5 25. Re5 bxc4 26. bxc4 Ba3+
27. Kc2 Rb8 28. Rb1 Rbd8 29. Rf5+ Ke6 30. Re1+ Kd7 31. Rd5+ Kc6 32. Rxd8 Rxd8
33. Re6+ Kc7 34. Ne5 Bd6 35. Nf7 Rd7 36. Nxd6 Rxd6 37. Rxd6 Kxd6 38. f4 Ke6 39.
g4 Kf6 40. Bf5 g6 41. Bxg6 Kxg6 42. Kd3 a5 43. Kxd4 a4 44. Kc3 a3 45. Kb3 Kf6
46. Kxa3 Ke6 47. Kb4 Kf6 48. c5 Ke6 49. Kc4 Kf6 50. Kd5 Ke7 51. c6 Kd8 52. Kd6
Kc8 53. f5 Kd8 54. f6 Ke8 55. c7 Kf7 56. c8=Q Kg6 57. Qf5+ Kf7 58. Kd7 Kf8 59.
a4 Kf7 60. g5 Kf8 61. g6 Kg8 62. Qe6+ Kf8 63. Qf7# 1-0

[Event "Quebec-ch U18"]
[Site "Montreal CAN"]
[Date "2006.03.04"]
[Round "2"]
[White "Milosz, Robin"]
[Black "Goulet, Steve"]
[Result "0-1"]
[WhiteElo "955"]
[BlackElo "1606"]
[PlyCount "64"]
[EventDate "2006.03.03"]
[EventType "swiss"]
[EventRounds "5"]
[EventCountry "CAN"]

1. d4 Nf6 2. Nf3 b6 3. Bg5 e6 4. e3 Bb7 5. Bd3 Be7 6. Nc3 d5 7. Bxf6 Bxf6 8.
Ne5 Bxe5 9. dxe5 a6 10. Qg4 g6 11. Na4 Qe7 12. O-O-O Nd7 13. f4 O-O-O 14. Rhf1
Kb8 15. Qg5 Qxg5 16. fxg5 Nxe5 17. b3 h6 18. h4 hxg5 19. hxg5 Rh5 20. Rf6 Rxg5
21. Nc3 Rxg2 22. e4 d4 23. Ne2 Nxd3+ 24. Rxd3 Rxe2 25. Rxf7 Bxe4 26. Rd2 d3 27.
cxd3 Rxd2 28. Kxd2 Bxd3 29. Kc3 Bb5 30. Rh7 g5 31. Rh5 g4 32. Rg5 Rd3+ 0-1

[Event "Quebec-ch U18"]
[Site "Montreal CAN"]
[Date "2006.03.04"]
[Round "2"]
[White "Pepin, Julien"]
[Black "Rozybakiyev, Rasul"]
[Result "0-1"]
[WhiteElo "1198"]
[BlackElo "1817"]
[PlyCount "66"]
[EventDate "2006.03.03"]
[EventType "swiss"]
[EventRounds "5"]
[EventCountry "CAN"]

1. e4 c5 2. Nf3 e6 3. Nc3 d5 4. d4 cxd4 5. Nxd4 Nf6 6. e5 Nfd7 7. Bb5 a6 8. Ba4
b5 9. Bb3 Bb7 10. O-O Nc6 11. Nxc6 Bxc6 12. Bf4 g6 13. Re1 Qb6 14. Be3 Qc7 15.
Bd4 Bg7 16. Qe2 b4 17. Na4 Qa5 18. Nc5 Nxc5 19. Qe3 Nd7 20. c3 O-O 21. Rac1
Rac8 22. c4 dxc4 23. Rxc4 Bd5 24. Rxc8 Rxc8 25. Bxd5 Qxd5 26. b3 Nxe5 27. Bxe5
Qxe5 28. Qxe5 Bxe5 29. g3 Bc3 30. Re5 Bxe5 31. f4 Bxf4 32. gxf4 Rc2 33. a4 bxa3
0-1

[Event "Quebec-ch U18"]
[Site "Montreal CAN"]
[Date "2006.03.04"]
[Round "2"]
[White "Rodriguez, Aaron"]
[Black "Chan, Charles"]
[Result "1-0"]
[WhiteElo "1984"]
[BlackElo "1553"]
[PlyCount "89"]
[EventDate "2006.03.03"]
[EventType "swiss"]
[EventRounds "5"]
[EventCountry "CAN"]

1. e4 Nf6 2. e5 Nd5 3. c4 Nb6 4. d4 d6 5. f4 dxe5 6. fxe5 Nc6 7. Be3 Bf5 8. Nc3
e6 9. Nf3 Be7 10. Be2 O-O 11. O-O f6 12. a3 a5 13. Kh1 Qe8 14. Nb5 Rc8 15. d5
exd5 16. cxd5 Nxe5 17. Nxc7 Rxc7 18. Bxb6 Rc8 19. d6 Bd8 20. Qd5+ Be6 21. Qxb7
Bxb6 22. Qxb6 Rb8 23. Qxa5 Rxb2 24. Ba6 Qg6 25. Rg1 Bh3 26. Qd5+ Kh8 27. gxh3
Qc2 28. Rac1 Qf2 29. Rcf1 Qc2 30. Nd2 Qxd2 31. Qxd2 Rxd2 32. Rd1 Ra2 33. Rg3 h6
34. Bb5 Rd8 35. Rc3 Kg8 36. d7 Kf7 37. a4 Ke7 38. Rg3 g5 39. Rc3 h5 40. h4 g4
41. h3 Nf3 42. Re3+ Kf8 43. Re8+ Rxe8 44. dxe8=Q+ Kg7 45. Rd7+ 1-0

[Event "Quebec-ch U18"]
[Site "Montreal CAN"]
[Date "2006.03.04"]
[Round "3"]
[White "Chan, Charles"]
[Black "Pepin, Julien"]
[Result "1-0"]
[WhiteElo "1553"]
[BlackElo "1198"]
[PlyCount "65"]
[EventDate "2006.03.03"]
[EventType "swiss"]
[EventRounds "5"]
[EventCountry "CAN"]

1. e4 e5 2. Nf3 Nf6 3. Nc3 Nc6 4. d4 d6 5. dxe5 dxe5 6. Qxd8+ Nxd8 7. Nxe5 Bd6
8. Nf3 O-O 9. Be3 b6 10. e5 Bxe5 11. Nxe5 Bd7 12. O-O-O Re8 13. Nxd7 Nxd7 14.
Rxd7 Rc8 15. Nd5 c6 16. Ne7+ Kf8 17. Nxc8 g6 18. Nd6 Re6 19. Rxd8+ Ke7 20. Re8+
Kxd6 21. Rxe6+ Kxe6 22. Bc4+ Kd7 23. Rd1+ Kc7 24. Bxf7 a5 25. Bf4+ Kb7 26. a4
b5 27. axb5 cxb5 28. Rd7+ Kc6 29. Be8 b4 30. Rxh7+ Kc5 31. Rc7+ Kd5 32. Bf7+
Ke4 33. Rc4+ 1-0

[Event "Quebec-ch U18"]
[Site "Montreal CAN"]
[Date "2006.03.04"]
[Round "3"]
[White "Goulet, Steve"]
[Black "Berg-Brisebois, Karl-Alexander"]
[Result "1-0"]
[WhiteElo "1606"]
[BlackElo "1407"]
[PlyCount "31"]
[EventDate "2006.03.03"]
[EventType "swiss"]
[EventRounds "5"]
[EventCountry "CAN"]

1. e4 c5 2. Nf3 Nf6 3. Nc3 d5 4. exd5 Nxd5 5. d4 cxd4 6. Nxd5 Qxd5 7. Qxd4 Qxd4
8. Nxd4 e5 9. Nb5 Na6 10. Bc4 Bf5 11. c3 Be7 12. O-O O-O 13. Be3 Bc5 14. Rfe1
Bxe3 15. Rxe3 Rfe8 16. Nd6 1-0

[Event "Quebec-ch U18"]
[Site "Montreal CAN"]
[Date "2006.03.04"]
[Round "3"]
[White "Ye, Ling Feng"]
[Black "Rozybakiyev, Rasul"]
[Result "1-0"]
[WhiteElo "2021"]
[BlackElo "1817"]
[PlyCount "87"]
[EventDate "2006.03.03"]
[EventType "swiss"]
[EventRounds "5"]
[EventCountry "CAN"]

1. e4 c5 2. Nf3 e6 3. d4 cxd4 4. Nxd4 Nf6 5. Nc3 d6 6. Be2 Nc6 7. O-O Be7 8.
Be3 O-O 9. Kh1 a6 10. a4 Bd7 11. Nb3 Na5 12. f4 Nxb3 13. cxb3 a5 14. e5 dxe5
15. fxe5 Ne8 16. Bd3 Bc6 17. Qc2 h6 18. Rad1 Qb8 19. Bf4 Nc7 20. Qe2 Nd5 21.
Qe4 Nf6 22. Qe3 Nd7 23. Bc2 Rd8 24. Qg3 Bg5 25. Bxg5 hxg5 26. Rde1 g4 27. Qh4
f5 28. exf6 Nxf6 29. Qg5 Rf8 30. Bd3 Qd6 31. Bc4 Rae8 32. Rd1 Qe7 33. Rde1 Qd6
34. Qxa5 Nd5 35. Nxd5 Rxf1+ 36. Rxf1 exd5 37. Bd3 Qe5 38. Qd2 d4 39. Qf2 Bd5
40. Qh4 Be4 41. Bb5 Re7 42. Bc4+ Re6 43. Bxe6+ Qxe6 44. Qd8+ 1-0

[Event "Quebec-ch U18"]
[Site "Montreal CAN"]
[Date "2006.03.05"]
[Round "4"]
[White "Berg-Brisebois, Karl-Alexander"]
[Black "Milosz, Robin"]
[Result "1-0"]
[WhiteElo "1407"]
[BlackElo "1006"]
[PlyCount "103"]
[EventDate "2006.03.03"]
[EventType "swiss"]
[EventRounds "5"]
[EventCountry "CAN"]

1. e4 e6 2. d4 d5 3. Nc3 Bb4 4. a3 Bxc3+ 5. bxc3 dxe4 6. Qg4 g6 7. Qxe4 Nf6 8.
Qh4 Nd5 9. Qxd8+ Kxd8 10. c4 Nc3 11. Bd3 Bd7 12. Bd2 Na4 13. Bg5+ Kc8 14. Nf3
Bc6 15. O-O Nd7 16. Rab1 Nc3 17. Rb3 Ne4 18. Rfb1 Nxg5 19. Nxg5 b6 20. Nxf7 Re8
21. f3 Re7 22. Ng5 Kb7 23. Be4 h6 24. Bxc6+ Kxc6 25. Ne4 Rf8 26. Rd3 Nf6 27.
Nxf6 Rxf6 28. Rbd1 Rd7 29. R1d2 Kb7 30. d5 exd5 31. cxd5 a5 32. c4 Rf4 33. Rd4
g5 34. Rxf4 gxf4 35. g3 fxg3 36. hxg3 Ka6 37. f4 b5 38. cxb5+ Kxb5 39. f5 Ka4
40. Rd3 c6 41. f6 cxd5 42. Rf3 Rf7 43. Kf2 Kb5 44. Ke3 Kc6 45. Kd4 Kd6 46. Rf5
Ke6 47. Rxd5 Rxf6 48. Rxa5 Rg6 49. Ra6+ Kf5 50. Rxg6 Kxg6 51. a4 Kg5 52. Ke3
1-0

[Event "Quebec-ch U18"]
[Site "Montreal CAN"]
[Date "2006.03.05"]
[Round "4"]
[White "Jorge, Ivan"]
[Black "Chan, Charles"]
[Result "0-1"]
[WhiteElo "1188"]
[BlackElo "1553"]
[PlyCount "115"]
[EventDate "2006.03.03"]
[EventType "swiss"]
[EventRounds "5"]
[EventCountry "CAN"]

1. d4 Nf6 2. Nc3 e6 3. a3 d5 4. Bf4 c5 5. e3 a6 6. Nf3 Nc6 7. Be2 Qb6 8. Rb1
Bd7 9. O-O Be7 10. h3 O-O 11. Ne5 Rad8 12. Nxc6 Bxc6 13. Bf3 Rfe8 14. Re1 Nd7
15. Ne2 Bf6 16. c3 e5 17. dxe5 Nxe5 18. Bxe5 Bxe5 19. g3 Bd7 20. Bg4 Bxg4 21.
hxg4 Qg6 22. Nf4 Bxf4 23. exf4 Rxe1+ 24. Qxe1 Qxg4 25. Qe7 Qc8 26. Re1 h6 27.
f5 d4 28. Rd1 d3 29. c4 d2 30. Qe3 Qxf5 31. Rxd2 Rxd2 32. Qxd2 Qb1+ 33. Kh2 Qf5
34. Qe2 Qe6 35. Qd3 Qf6 36. Qc2 h5 37. b3 h4 38. a4 hxg3+ 39. fxg3 g5 40. Qd2
g4 41. Qe2 Qh6+ 42. Kg1 Qe6 43. Qd2 Qf6 44. Qe2 Qd4+ 45. Kg2 Kg7 46. Kh2 Kg6
47. Qc2+ f5 48. Qe2 Qe4 49. Qd2 Qe5 50. a5 Qh8+ 51. Kg2 Qh3+ 52. Kg1 Qxg3+ 53.
Kf1 Qf3+ 54. Kg1 g3 55. Qd6+ Kh5 56. Qxc5 Qd1+ 57. Kg2 Kg4 58. Qd5 0-1

[Event "Quebec-ch U18"]
[Site "Montreal CAN"]
[Date "2006.03.05"]
[Round "4"]
[White "Rozybakiyev, Rasul"]
[Black "Goulet, Steve"]
[Result "1-0"]
[WhiteElo "1817"]
[BlackElo "1606"]
[PlyCount "125"]
[EventDate "2006.03.03"]
[EventType "swiss"]
[EventRounds "5"]
[EventCountry "CAN"]

1. e4 c5 2. c3 Nf6 3. e5 Nd5 4. d4 cxd4 5. cxd4 Nc6 6. Nc3 Nb6 7. Nf3 d5 8. Be2
e6 9. a3 Be7 10. O-O O-O 11. Re1 a6 12. Bd3 Re8 13. Qc2 h6 14. Bf4 Nd7 15. Ne2
Nf8 16. Ng3 f5 17. exf6 Bxf6 18. Be5 Bxe5 19. Nxe5 Nxd4 20. Qa4 Nf5 21. Bb5 Re7
22. Nh5 Qb6 23. Bd3 Bd7 24. Nxd7 Rxd7 25. Qg4 Rf7 26. b4 Rc8 27. Ra2 Qd6 28.
Nf4 Rcc7 29. Nxe6 Nxe6 30. Bxf5 Nd4 31. Qxd4 Rxf5 32. Rd2 Rcf7 33. Re8+ Rf8 34.
Ree2 Rd8 35. g3 Kf7 36. Rc2 Rd7 37. Rc5 b6 38. Rc8 Rc7 39. Ra8 Rc4 40. Qd3 Re5
41. Rxe5 Qxe5 42. Qf3+ Kg6 43. Rxa6 Rc6 44. Qd3+ Kf6 45. b5 Re6 46. Ra4 g5 47.
Qh7 Qe1+ 48. Kg2 Ke5 49. Qg7+ Rf6 50. Qe7+ Re6 51. Qc7+ Kf6 52. Qd8+ Ke5 53.
f4+ gxf4 54. gxf4+ Kf5 55. Qxd5+ Kf6 56. Qd8+ Kf7 57. Ra7+ Kg6 58. Qd3+ Kf6 59.
Qd4+ Kg6 60. Rg7+ Kh5 61. Qd5+ Kh4 62. Qd8+ Kh5 63. Rg5+ 1-0

[Event "Quebec-ch U18"]
[Site "Montreal CAN"]
[Date "2006.03.05"]
[Round "5"]
[White "Berg-Brisebois, Karl-Alexander"]
[Black "Horhogea, Vlad"]
[Result "1-0"]
[WhiteElo "1407"]
[BlackElo "1266"]
[PlyCount "53"]
[EventDate "2006.03.03"]
[EventType "swiss"]
[EventRounds "5"]
[EventCountry "CAN"]

1. e4 e5 2. f4 d6 3. Nf3 Nc6 4. c3 Nf6 5. d3 Bg4 6. Be3 exf4 7. Bxf4 Be7 8.
Nbd2 O-O 9. d4 Qd7 10. h3 Bh5 11. Bd3 Rfe8 12. g4 Bg6 13. Nh4 Kh8 14. Nxg6+
fxg6 15. Qb3 Rab8 16. O-O-O Ng8 17. Rdf1 Rf8 18. Be3 Na5 19. Qa3 b6 20. b4 Nb7
21. Qxa7 Rfd8 22. Rf7 Qc6 23. Qa3 Bf6 24. Rf1 Rdc8 25. Qb3 Nd8 26. Rf8 Nb7 27.
Qxg8# 1-0